| 000 | 00441pab a2200169 454500 | ||
|---|---|---|---|
| 008 | 180718b2009 xxu||||| |||| 00| 0 eng d | ||
| 100 | _aShearmur, richard | ||
| 245 | _aWeak ties that bind: do commutes bind Montreal's central and suburban economies? | ||
| 260 | _c2009 | ||
| 300 | _ap.490-524. | ||
| 362 | _aMar | ||
| 650 | _aEconomics | ||
| 700 | _aMotte, Benjamin | ||
| 773 | _aUrban Affairs Review | ||
| 908 | _aN | ||
| 909 | _a81928 | ||
| 999 |
_c81928 _d81928 |
||